Ponuka a dopyt na trhu rizikového kapitálu v SR
Subjekty pôsobiace na trhu rizikového kapitálu. Slabé a silné stránky na strane ponuky a dopytu na trhu rizikového kapitálu. Výsledky prieskumu trhu rizikového kapitálu SR v roku 2007.
Salvato in:
| Autore principale: | |
|---|---|
| Natura: | Capitolo di libro |
| Lingua: | slovacco |
| Soggetti: | |
| Tags: |
Nessun Tag, puoi essere il primo ad aggiungerne!!
|
MARC
| LEADER | 00000nla$a2200000$$$4500 | ||
|---|---|---|---|
| 001 | 0082513 | ||
| 005 | 20240611081845.3 | ||
| 041 | 0 | |a slo | |
| 044 | |a SK | ||
| 245 | 1 | 0 | |a Ponuka a dopyt na trhu rizikového kapitálu v SR |c Magdaléna Freňáková - Karchová |
| 520 | |a Subjekty pôsobiace na trhu rizikového kapitálu. Slabé a silné stránky na strane ponuky a dopytu na trhu rizikového kapitálu. Výsledky prieskumu trhu rizikového kapitálu SR v roku 2007. | ||
| 610 | 2 | 0 | |a kapitál rizikový |
| 610 | 2 | 0 | |a financie |
| 610 | 2 | 0 | |a financovanie |
| 610 | 2 | 0 | |a investori |
| 610 | 2 | 0 | |a podnik |
| 610 | 2 | 0 | |a fondy investičné |
| 610 | 2 | 0 | |a ponuka |
| 610 | 2 | 0 | |a dopyt |
| 610 | 2 | 0 | |a prieskum informačný |
| 100 | 1 | |a Freňáková - Karchová, Magdaléna, 1981- | |